000 00563nam a22002297a 4500
003 UA-OsUOA
001 86578
007 ta
008 20120906b un ||||| |||| 00| 0 ukr d
100 _aАртемов В. А.
090 _a94:929
_bА86
942 _cBK
040 _aUA-OsUOA
_brus
_cUA-OsUOA
_dUA-OsUOA
245 _aИоганн Книф
300 _a173 с.
955 _a1
041 _arus
080 _a94:929
260 _aМ.
_bМысль
_c1990
650 7 _a9 Географія. Біографії. Історія
_2UDC
999 _c372688
_d372688